000 01173nam a2200337 i 4500
001 768714001
003 CO-MdFUSB
005 20230803102131.0
007 ta
008 230803t20002002us ||||g |||| 00| 0 eng d
020 _a0151006903
040 _aCO-MdFUSB
_bspa
_cCO-MdFUSB
_dCO-MdFUSBC
_erda
041 _aeng
082 _223
_a853.914
_bE192
100 _aEco, Umberto.
_eautor
242 _lItaliano
245 1 _aBaudolino
_b: a novel
_c/ Umberto Eco, traducido por William Weaver
264 1 _aNew York ;
_bHarcourt,
_c2002
264 4 _c©2000
300 _a522 páginas
_c; 21 cm
336 _2rdacontent
_atexto
_btxt
337 _2rdamedia
_asin mediación
_bn
338 _2rdacarrier
_avolumen
_bnc
520 _aNacido como un simple campesino en el norte de Italia, Baudolino narra la historia de su vida, desde su adopción por el emperador Federico Barbarroja y su educación en París hasta su llegada a Constantinopla durante la agitación de la Cuarta Cruzada.
563 _atapa dura
653 _aFicción de Italia
653 _aCuarta Cruzada, 1202-1204 Ficción
942 _cBK
945 _aAF
999 _c68996
_d68996